000
00230nam a2200097Ia 4500
008
170619s9999 xx 000 0 und d
100
_a
Kreyszig- E
245
0
_a
Advanced Engineering Mathematics
260
_b
Wiley- India
260
_c
2012
546
_a
ENGLISH
999
_c
21151
_d
21151